[Event "COL-ch Superate Intercol U18 Girls"]
[Site "Barranquilla"]
[Date "2018.11.28"]
[Round "4.3"]
[White "Perez Valcarcel, Maria Jose"]
[Black "Palma Cardenas, Ana Maria"]
[Result "1-0"]
[WhiteElo "1477"]
[BlackElo "1255"]
[PlyCount "113"]
[EventDate "2018.11.28"]
[EventType "swiss (blitz)"]
[EventRounds "12"]
[EventCountry "COL"]
[SourceTitle "EXT 2024"]
[Source "ChessBase"]
[SourceDate "2023.10.10"]
[SourceVersion "1"]
[SourceVersionDate "2023.10.10"]
[SourceQuality "1"]

1. e4 e5 2. Nf3 Nc6 3. d4 exd4 4. Nxd4 d6 5. Nc3 Nf6 6. Bc4 Be7 7. 0-0 0-0 8. Kh1 Re8 9. f4 Bf8 10. Nxc6 bxc6 11. e5 dxe5 12. Qxd8 Rxd8 13. fxe5 Nd5 14. Bg5 Rd7 15. Rad1 Bb7 16. Na4 h6 17. Bh4 g5 18. Bg3 Re7 19. Nc5 Rb8 20. Nxb7 Rxb7 21. Bxd5 cxd5 22. Rxd5 Bg7 23. b3 c6 24. Rd8+ Kh7 25. Re1 f6 26. exf6 Rxe1+ 27. Bxe1 Bxf6 28. Rd6 Rf7 29. Rxc6 Be5 30. g3 Rf1+ 31. Kg2 Rxe1 32. Re6 Bc3 33. Rxe1 Bxe1 34. Kf3 Kg6 35. Ke4 Kf6 36. Kd5 Ke7 37. c4 Kd7 38. Ke5 Bc3+ 39. Kf5 Kc6 40. Kg6 g4 41. Kxh6 Kc5 42. Kg5 Kd6 43. Kxg4 Ke5 44. h4 Kf6 45. h5 Kg7 46. Kf5 Kh6 47. g4 Bb4 48. Kf6 Bc3+ 49. Kf5 Bb4 50. a4 Bc5 51. Kf6 Bd4+ 52. Ke6 Bc3 53. c5 Ba5 54. c6 Kg7 55. Kd7 Kf7 56. c7 Bxc7 57. Kxc7 1-0

[Event "COL-ch U18 Girls rap"]
[Site "Barranquilla"]
[Date "2018.11.27"]
[Round "6"]
[White "Palma Cardenas, Ana Maria"]
[Black "Lopez Romero, Rosa Maria"]
[Result "0-1"]
[WhiteElo "1311"]
[BlackElo "1520"]
[PlyCount "84"]
[EventDate "2018.11.27"]
[EventType "swiss (rapid)"]
[EventRounds "6"]
[EventCountry "COL"]
[SourceTitle "CBM 187 Extra"]
[Source "ChessBase"]
[SourceDate "2018.11.04"]
[SourceVersion "1"]
[SourceVersionDate "2018.11.04"]
[SourceQuality "1"]

1. e4 e5 2. Nf3 Nc6 3. Bb5 d6 4. c3 Bd7 5. 0-0 a6 6. Ba4 Nf6 7. Re1 Be7 8. Bb3 Be6 9. Bc2 0-0 10. d4 Na7 11. dxe5 dxe5 12. Nxe5 Bd6 13. Nf3 Nd7 14. Nbd2 Nc6 15. Nf1 Nde5 16. Nxe5 Nxe5 17. Ng3 Qf6 18. Be3 Ng4 19. Bd4 Qe7 20. Nf5 Bxh2+ 21. Kh1 Bxf5 22. exf5 Qh4 23. Qf3 Bg3+ 24. Kg1 Qh2+ 25. Kf1 Rfe8 26. Be4 Be5 27. Bxe5 Nxe5 28. Qe3 Nc4 29. Qd3 Nd6 30. f3 Rad8 31. Rad1 g6 32. Kf2 Qh4+ 33. Ke2 Nxe4 34. Qxe4 Rxe4+ 35. fxe4 Qxe4+ 36. Kf1 Rxd1 37. Rxd1 Qxf5+ 38. Kg1 Qc2 39. Rd7 Qc1+ 40. Kh2 Qxb2 41. Rxc7 b5 42. c4 Qe5+ 0-1

[Event "COL-ch U18 Girls"]
[Site "Barranquilla"]
[Date "2018.11.24"]
[Round "1"]
[White "Palma Cardenas, Ana Maria"]
[Black "Leal, Dayana Vanessa"]
[Result "0-1"]
[WhiteElo "1311"]
[BlackElo "1477"]
[PlyCount "62"]
[EventDate "2018.11.24"]
[EventType "swiss"]
[EventRounds "7"]
[EventCountry "COL"]
[SourceTitle "CBM 187 Extra"]
[Source "ChessBase"]
[SourceDate "2018.11.04"]
[SourceVersion "1"]
[SourceVersionDate "2018.11.04"]
[SourceQuality "1"]

1. e4 e5 2. Nf3 Nc6 3. Bb5 f5 4. d3 fxe4 5. dxe4 Nf6 6. Bg5 d6 7. Nc3 Be6 8. Nd5 Be7 9. 0-0 0-0 10. Nxe7+ Nxe7 11. Qe2 Ng6 12. Rad1 h6 13. Bc4 Qe7 14. Bd2 Rf7 15. Bb4 Nf4 16. Qe3 Bxc4 17. Rfe1 Ng4 18. Qc3 Ne2+ 19. Rxe2 Bxe2 20. Rd2 Bxf3 21. gxf3 Nf6 22. Qe3 Nh5 23. Kh1 Nf4 24. Rd1 Raf8 25. Rg1 Qh4 26. Rg4 Qh5 27. Bd2 Kh7 28. Qe1 Nh3 29. Qf1 Rxf3 30. Qg2 Nxf2+ 31. Kg1 Nxg4 0-1